The old man and his God: (Record no. 26225)
[ view plain ]
| 000 -LEADER | |
|---|---|
| fixed length control field | 01147nam a22002657a 4500 |
| 005 - DATE AND TIME OF LATEST TRANSACTION | |
| control field | 20190917120344.0 |
| 010 ## - LCCN (DPL NO) | |
| LC control number | B-285031 B-706481 B-729991 |
| 020 ## - INTERNATIONAL STANDARD BOOK NUMBER | |
| International Standard Book Number | 0144001012 |
| Terms of availability | 150.00 |
| 020 ## - INTERNATIONAL STANDARD BOOK NUMBER | |
| International Standard Book Number | 9780144001019 |
| Terms of availability | 250.00 |
| 035 ## - SYSTEM CONTROL NUMBER | |
| System control number | B-285031, B-218136 |
| 035 ## - SYSTEM CONTROL NUMBER | |
| System control number | B-706481 |
| 035 ## - SYSTEM CONTROL NUMBER | |
| System control number | B-729991 |
| 037 ## - SOURCE OF ACQUISITION | |
| Source of stock number/acquisition | UBH (Vender) |
| Stock number | dpl |
| 037 ## - SOURCE OF ACQUISITION | |
| Source of stock number/acquisition | Gift |
| 082 ## - DEWEY DECIMAL CLASSIFICATION NUMBER | |
| Classification number | S |
| 100 ## - MAIN ENTRY--PERSONAL NAME | |
| Personal name | Murty, Sudha |
| 245 ## - TITLE STATEMENT | |
| Title | The old man and his God: |
| Statement of responsibility, etc | by Sudha Murty |
| Remainder of title | discovering the spirit of India / |
| 260 ## - PUBLICATION, DISTRIBUTION, ETC. (IMPRINT) | |
| Place of publication, distribution, etc | New Delhi |
| Name of publisher, distributor, etc | Penguin Books |
| Date of publication, distribution, etc | 2006 |
| 270 ## - ADDRESS | |
| Address | 7th Floor, Infinity Tower C, DLF Cyber City |
| City | Gurgaon (Haryana) |
| Postal code | 122002 |
| 300 ## - PHYSICAL DESCRIPTION | |
| Extent | x, 131p. |
| Dimensions | 20cm. (pbk) |
| 942 ## - ADDED ENTRY ELEMENTS (KOHA) | |
| Source of classification or shelving scheme | Dewey Decimal Classification |
| Item type | Children Books |
| Classification part | S |
| Call number suffix | MUR |
| Withdrawn status | Lost status | Not for loan | Collection code | Home library | Current library | Date acquired | Source of acquisition | Cost, normal purchase price | Full call number | Barcode | Copy number | Cost, replacement price | Koha item type |
|---|---|---|---|---|---|---|---|---|---|---|---|---|---|
| Fiction | Central Library | Central Library | 20/09/2018 | Gift /Eng /14.09.2018 | 250.00 | S MUR | B-706481 | 1 | 250.00 | Children Books | |||
| Fiction | Sarojini Nagar | Sarojini Nagar | 29/07/2018 | S MUR | B-218127 | 1 | Children Books | ||||||
| Fiction | Sarojini Nagar | Sarojini Nagar | 17/09/2019 | Gift /Eng /13.09.2019 | 250.00 | S MUR | B-729991 | 1 | 250.00 | Children Books | |||
| Fiction | Vigyan Vihar | Vigyan Vihar | 16/02/2019 | BPPD/PUB | 150.00 | S MUR | B-218136 | 150.00 | Children Books | ||||
| Fiction | Vinoba Puri | Vinoba Puri | 11/05/2009 | UBH/143/25.8.08/187/21.7.08/29.8.08 | 150.00 | S MUR | B-285031 | 1 | 150.00 | Children Books |
